=LDR 00000nam 2200000 4500 =001 INLIS000000000024693 =005 20130612123249 =008 ***********************************Ind** =035 ##$$0010-061300000024693 =041 ##$$a Ind =082 ##$$a 338.642 =090 ##$$a 338.642, Mar s =100 ##$$a Margatan, Arcole =245 ##$$a 100 kiat kerja sampingan, Arcole Margatan =260 ##$$a 1995 $b Solo =300 ##$$a 76 hlm, 21 cm =650 ##$$a Kiat kerja =850 ##$$a NBPNMAT